| 000 | 01194nam a2200313 a 4500 | ||
|---|---|---|---|
| 001 | |||
| 003 | DO-SdBNP | ||
| 005 | 20210903133043.0 | ||
| 008 | 090714s2007 dr 000 0 spa d | ||
| 040 |
_aDO-SdBNP _bspa _cBPMSU |
||
| 082 |
_a327.7293 _bM334g 2007 _222 |
||
| 100 | 1 | _aMaríñez, Pablo A. | |
| 245 | 1 | 3 |
_aEl gran Caribe ante los cambios internacionales y la política exterior dominicana / _cPablo A. Maríñez ; edición Gisela Vargas Ortega. |
| 260 |
_aSanto Domingo : _bFUNGLODE, _c2007. |
||
| 300 |
_axv, 319 p. ; _c23 cm. |
||
| 500 | _aIncluye datos biográficos del autor en las solapas | ||
| 504 | _aIncluye referencias bibliográficas y notas al pie de las páginas. | ||
| 504 | _aBibliografía : p. 225-232 | ||
| 590 | _aInventariado, 2021/VM | ||
| 650 | 4 | _aSeguridad internacional | |
| 651 | 4 |
_aRepública Dominicana _xRelaciones exteriores _zCaribe (Región) |
|
| 651 | 4 |
_aRepública Dominicana _xRelaciones exteriores _zMéxico |
|
| 651 | 4 |
_aMéxico _xRelaciones exteriores _vCaribe (Región) |
|
| 700 | 1 |
_aVargas Ortega, Gisela, _eed. |
|
| 710 | 2 | _aFundación Global Democracía y Desarrollo | |
| 710 | 2 | _aFUNGODE | |
| 910 | _aVMateo V. | ||
| 942 |
_2ddc _cBK |
||
| 999 |
_c13717 _d13717 |
||